There's No Place Like '-ome' Quiz Stats

 Plays Quiz Updated Jan 15, 2018

Also try: Finding '-mo'
Challenge
Share
Tweet
Embed
Score 0/25 Timer 03:00
7 Plays Today
% Correct
Handsome
90.8%
Chrome
89.1%
Gnome
88.9%
Gruesome
88.2%
Home
87%
Syndrome
86.1%
Monochrome
84.9%
Lancôme
84.5%
Metronome
82.8%
Rome
82.8%
Welcome
82.4%
Awesome
81.7%
Astrodome
78.4%
% Correct
Aerodrome
77.5%
Epitome
77.4%
Dome
76.9%
Jerome
75.1%
São Tomé
75%
Palindrome
74.8%
Chromosome
74.5%
Biome
71.1%
Hippodrome
70.8%
Nome
66.2%
Genome
64.3%
Lomé
59.8%

You're not logged in!

Compare scores with friends on all Sporcle quizzes.
OR
Log In

You Might Also Like...

Show Comments

Extras

Top Quizzes Today


Score Distribution

Your Account Isn't Verified!

In order to create a playlist on Sporcle, you need to verify the email address you used during registration. Go to your Sporcle Settings to finish the process.

Report this User

Report this user for behavior that violates our Community Guidelines.

Details: